| 000 | 00989nmc a2200361 a 4500 | ||
|---|---|---|---|
| 003 | AR-BaBNM | ||
| 005 | 20251128205605.0 | ||
| 008 | 268019s1993 ||||||||||||||000 | spa|| | ||
| 020 | _a84-7738-163-1 | ||
| 040 | _cAR-BaBNM | ||
| 100 | 1 | _aTaibo, Carlos | |
| 245 | 1 | 0 | _aLa Unión Soviética [1917-1991] |
| 260 |
_aMadrid _bSíntesis _c1993 |
||
| 300 |
_a238 p. _btablas |
||
| 490 | 0 |
_aHistoria universal: contemporánea _vv. 14 |
|
| 500 | _aApéndice documental p. 219-226 | ||
| 504 | _aBibliografía p. 227-238 | ||
| 650 | 4 | _aREVOLUCION | |
| 650 | 4 | _aSOCIALISMO | |
| 650 | 4 | _aCOMUNISMO | |
| 650 | 4 | _aREVOLUCION | |
| 650 | 4 | _aDISTURBIOS CIVILES | |
| 650 | 4 | _aGUERRA CIVIL | |
| 650 | 4 | _aMOVIMIENTOS REVOLUCIONARIOS | |
| 650 | 4 | _aPROBLEMAS SOCIALES | |
| 650 | 4 | _aECONOMIA | |
| 650 | 4 | _aSOCIEDAD | |
| 653 | _aPERESTROIKA | ||
| 800 | 1 |
_aPlácido Suárez, Domingo _edirector |
|
| 800 | 1 |
_aHernández Sandoica, Elena _ecoordinador |
|
| 942 | _cBK | ||
| 998 | _cMariana | ||
| 999 |
_c12027 _d12027 |
||